The 1992 report on the computer industry
Enregistré dans:
| Format: | Livre |
|---|---|
| Langue: | Undetermined |
| Publié: |
Boston
McKinsey & Company, Inc
1992
|
| Sujets: | |
| Tags: |
Ajouter un tag
Pas de tags, Soyez le premier à ajouter un tag!
|
| Thư viện lưu trữ: | Trung tâm Học liệu Trường Đại học Cần Thơ |
|---|
| LEADER | 00425nam a2200157Ia 4500 | ||
|---|---|---|---|
| 001 | CTU_87173 | ||
| 008 | 210402s9999 xx 000 0 und d | ||
| 082 | |a 338.4 | ||
| 082 | |b O.58 | ||
| 245 | 4 | |a The 1992 report on the computer industry | |
| 260 | |a Boston | ||
| 260 | |b McKinsey & Company, Inc | ||
| 260 | |c 1992 | ||
| 650 | |a computer industry | ||
| 904 | |i M.Loan | ||
| 980 | |a Trung tâm Học liệu Trường Đại học Cần Thơ | ||